| 000 | 00346nam a2200133Ia 4500 | ||
|---|---|---|---|
| 005 | 20251222144837.0 | ||
| 008 | 251222s9999||||xx |||||||||||||| ||spa|| | ||
| 020 | _a84-7821-447-X | ||
| 082 | _a726.646/L16 | ||
| 100 | _aLahoz, Lucía | ||
| 245 | 0 | _aSanta María de los Reyes de Laguardia: | |
| 264 | _bDiputación Foral de Álava | ||
| 942 | _cLIB | ||
| 999 |
_c21071 _d21071 |
||